ARRUPE JESUIT UNIVERSITY

CORONAVIRUS -STOP THE SPREAD - CLEAN,DISINFECT,COVER

The invitation to a open messianic life style church (Record no. 118965)

MARC details
000 -LEADER
fixed length control field 00416nam a22001337a 4500
008 - FIXED-LENGTH DATA ELEMENTS--GENERAL INFORMATION
fixed length control field 131203b xxu||||| |||| 00| 0 eng d
050 ## - LIBRARY OF CONGRESS CALL NUMBER
Classification number BV 603.M43 1978
100 ## - MAIN ENTRY--PERSONAL NAME
Personal name Moltmann, Jurgen
9 (RLIN) 4775
245 ## - TITLE STATEMENT
Title The invitation to a open messianic life style church
Statement of responsibility, etc Jurgen Moltmann
260 ## - PUBLICATION, DISTRIBUTION, ETC. (IMPRINT)
Place of publication, distribution, etc London.
Name of publisher, distributor, etc SCM Press
Date of publication, distribution, etc 1978
300 ## - PHYSICAL DESCRIPTION
Extent 128p. ;
Dimensions 18cm.
650 ## - SUBJECT ADDED ENTRY--TOPICAL TERM
Topical term or geographic name as entry element Church
General subdivision Christian life
9 (RLIN) 4776
942 ## - ADDED ENTRY ELEMENTS (KOHA)
Source of classification or shelving scheme Library of Congress Classification
Item type Monograph ( Printed materials)
Holdings
Withdrawn status Lost status Source of classification or shelving scheme Damaged status Not for loan Home library Current library Date acquired Total Checkouts Full call number Barcode Date last seen Price effective from Koha item type
    Library of Congress Classification     ARRUPE LIBRARY ARRUPE LIBRARY 03/12/2013   BV603.M43 1978 46411298 24/01/2017 03/12/2013 Monograph ( Printed materials)

 

Arrupe Library. PO Box MP320 Mt Pleasant, Harare, Zimbabwe
263 242 745411|librarian@aju.ac.zw